Partidos Políticos de Chile - Estadísticas

Estadísticas generales
  • Esta prueba ha sido intentada 221 veces
  • La puntuación promedio es 14 de 22
Estadísticas de respuestas
Posición Militantes Partido Político % Correcto
Izquierda 45.680 Partido Comunista de Chile
99%
Extrema derecha 22.180 Partido Republicano de Chile
95%
Centroizquierda 41.833 Partido Socialista de Chile
93%
Centroderecha 5.900 Partido Demócratas Chile
90%
Derecha 33.612 Unión Demócrata Independiente
90%
Izquierda 62.468 Frente Amplio
88%
Centroderecha 39.035 Renovación Nacional
84%
Centro 28.328 Partido Demócrata Cristiano
79%
Centroderecha 17.004 Evolución Política
76%
Centroderecha 40.235 Partido de la Gente
72%
Centro 25.908 Partido Radical de Chile
71%
Centroizquierda 27.650 Partido por la Democracia
66%
Centro 8.414 Movimiento Amarillos por Chile
62%
Centro 9.924 Partido Liberal de Chile
55%
Izquierda 1.482 Partido Humanista
49%
Izquierda 9.840 Acción Humanista
46%
Derecha 18.550 Partido Social Cristiano
40%
Centroizquierda 15.190 Federación Regionalista Verde Social
39%
Izquierda 1.569 Partido Popular
23%
Izquierda 1.834 Partido Igualdad
21%
Extrema izquierda 1.970 Partido de Trabajadores Revolucionarios
20%
Centro 9.058 Partido Alianza Verde Popular
14%
No se encontraron pruebas coincidentes
Distribución de puntuación
Porcentaje de gente con cada puntuación
Porcentaje por número respondido
Historial de tus puntuaciones
No has intentado esta prueba.